<?xml version="1.0" encoding="UTF-8"?>
<record
    xmlns:xsi="http://www.w3.org/2001/XMLSchema-instance"
    xsi:schemaLocation="http://www.loc.gov/MARC21/slim http://www.loc.gov/standards/marcxml/schema/MARC21slim.xsd"
    xmlns="http://www.loc.gov/MARC21/slim">

  <leader>01796nam a22002537a 4500</leader>
  <controlfield tag="001">8284</controlfield>
  <controlfield tag="003">FISKH</controlfield>
  <controlfield tag="005">20250908142259.0</controlfield>
  <controlfield tag="008">250908b        cb ||||| |||| 00| 0 eng d</controlfield>
  <datafield tag="020" ind1=" " ind2=" ">
    <subfield code="a">9789996301902</subfield>
  </datafield>
  <datafield tag="040" ind1=" " ind2=" ">
    <subfield code="a">FISKH</subfield>
    <subfield code="b">khr </subfield>
    <subfield code="c">FISKH</subfield>
    <subfield code="d">FISKH</subfield>
  </datafield>
  <datafield tag="082" ind1=" " ind2=" ">
    <subfield code="a">800</subfield>
  </datafield>
  <datafield tag="100" ind1=" " ind2=" ">
    <subfield code="a">Thayson, Annett </subfield>
  </datafield>
  <datafield tag="245" ind1=" " ind2=" ">
    <subfield code="a">&#x1795;&#x17D2;&#x1791;&#x17C7;&#x179A;&#x1794;&#x179F;&#x17CB;&#x1794;&#x17B6;&#x1794;&#x17B6;&#x1794;&#x17C9;&#x17B6;&#x1794;&#x17C9;&#x17B6;&#x200B; / </subfield>
    <subfield code="c">&#x1793;&#x17B7;&#x1796;&#x1793;&#x17D2;&#x1792;&#x178A;&#x17C4;&#x1799; &#x17A2;&#x17B6;&#x1793;&#x178E;&#x17C2;&#x178F; &#x1790;&#x17B6;&#x1799;&#x179F;&#x17B7;&#x1793; &#x1793;&#x17B7;&#x1784; &#x1790;&#x17C2;&#x179B;&#x17BE;&#x179F;&#x1790;&#x17C2;&#x17A1;&#x179A;  &#x1794;&#x17D2;&#x179A;&#x17C2;&#x179F;&#x1798;&#x17D2;&#x179A;&#x17BD;&#x179B;&#x1787;&#x17B6;&#x1797;&#x17B6;&#x179F;&#x17B6;&#x1781;&#x17D2;&#x1798;&#x17C2;&#x179A;&#x178A;&#x17C4;&#x1799; &#x17A2;&#x17D2;&#x1793;&#x1780;&#x179F;&#x17D2;&#x179A;&#x17B8; &#x1798;&#x17C9;&#x17BB;&#x1784; &#x1782;&#x17B8;&#x1798;&#x178E;&#x17B6; </subfield>
  </datafield>
  <datafield tag="260" ind1=" " ind2=" ">
    <subfield code="a">Phnom Penh : </subfield>
    <subfield code="b">Open Books, </subfield>
    <subfield code="c">2017.</subfield>
  </datafield>
  <datafield tag="300" ind1=" " ind2=" ">
    <subfield code="a">34 pages : </subfield>
    <subfield code="b">color illustrations ; </subfield>
    <subfield code="c">18 x 24 cm</subfield>
  </datafield>
  <datafield tag="505" ind1=" " ind2=" ">
    <subfield code="a">G
</subfield>
  </datafield>
  <datafield tag="520" ind1=" " ind2=" ">
    <subfield code="a">&#x1780;&#x17B6;&#x179A;&#x1787;&#x17BD;&#x1794;&#x1794;&#x17D2;&#x179A;&#x1791;&#x17C7;&#x1793;&#x17B9;&#x1784;&#x1794;&#x17B6;&#x1794;&#x17B6;&#x1794;&#x17C9;&#x17B6;&#x1794;&#x17C9;&#x17B6; &#x1782;&#x17BA;&#x1796;&#x17B7;&#x178F;&#x1787;&#x17B6;&#x17A2;&#x179F;&#x17D2;&#x1785;&#x17B6;&#x179A;&#x17D2;&#x1799;&#x1798;&#x17C2;&#x1793; &#x17D4; &#x1782;&#x17D2;&#x179A;&#x1794;&#x17CB;&#x1782;&#x17D2;&#x1793;&#x17B6;&#x1796;&#x17B7;&#x178F;&#x1787;&#x17B6;&#x1785;&#x17BC;&#x179B;&#x1785;&#x17B7;&#x178F;&#x17D2;&#x178F;&#x1780;&#x17B6;&#x179A;&#x1794;&#x1784;&#x17D2;&#x1780;&#x17BE;&#x178F;&#x1790;&#x17D2;&#x1798;&#x17B8;&#x1787;&#x17B6;&#x1796;&#x17B7;&#x179F;&#x17C1;&#x179F;&#x1780;&#x17D2;&#x179A;&#x17BB;&#x1798;&#x1794;&#x17B6;&#x1794;&#x17B6;&#x1794;&#x17C9;&#x17B6;&#x1794;&#x17C9;&#x17B6;&#x1798;&#x17B6;&#x1793;&#x1797;&#x17B6;&#x1796;&#x179A;&#x17BD;&#x179F;&#x179A;&#x17B6;&#x1799;&#x179A;&#x17B6;&#x1780;&#x17CB;&#x1791;&#x17B6;&#x1780;&#x17CB; &#x1785;&#x17B7;&#x178F;&#x17D2;&#x178F;&#x179B;&#x17D2;&#x17A2; &#x1793;&#x17B7;&#x1784;&#x179F;&#x17D2;&#x1798;&#x17C4;&#x17C7;&#x178F;&#x17D2;&#x179A;&#x1784;&#x17CB;&#x178E;&#x17B6;&#x179F;&#x17CB; &#x17D4; &#x1782;&#x17B6;&#x178F;&#x17CB;&#x17A2;&#x17B6;&#x1785;&#x1795;&#x17D2;&#x179B;&#x17B6;&#x179F;&#x17CB;&#x1794;&#x17D2;&#x178A;&#x17BC;&#x179A;&#x179A;&#x17BC;&#x1794;&#x179A;&#x17B6;&#x1784;&#x1791;&#x17C5;&#x178F;&#x17B6;&#x1798;&#x1791;&#x17C6;&#x179A;&#x1784;&#x17CB;&#x1795;&#x17D2;&#x179F;&#x17C1;&#x1784;&#x17D7; &#x1793;&#x17B9;&#x1784;&#x17A2;&#x17B6;&#x1785;&#x178A;&#x17C4;&#x17C7;&#x179F;&#x17D2;&#x179A;&#x17B6;&#x1799;&#x1794;&#x1789;&#x17D2;&#x17A0;&#x17B6;&#x1791;&#x17B6;&#x17C6;&#x1784;&#x1796;&#x17BD;&#x1784;&#x1791;&#x17C0;&#x178F;&#x1795;&#x1784;&#x17D4; 

</subfield>
  </datafield>
  <datafield tag="520" ind1=" " ind2=" ">
    <subfield code="a">Meeting Barbapapa is truly wonderful. Everyone really enjoys his creativity, especially since the Barbapapa family is friendly, kind, and very honest. He can change his shape into different forms and can also solve various problems.</subfield>
  </datafield>
  <datafield tag="521" ind1="8" ind2=" ">
    <subfield code="a">370
</subfield>
    <subfield code="b">Lexile estimate
</subfield>
  </datafield>
  <datafield tag="521" ind1="8" ind2=" ">
    <subfield code="a">G
</subfield>
    <subfield code="b">Raz-Plus 
</subfield>
  </datafield>
  <datafield tag="942" ind1=" " ind2=" ">
    <subfield code="2">ddc</subfield>
    <subfield code="c">KHB</subfield>
    <subfield code="n">0</subfield>
  </datafield>
  <datafield tag="999" ind1=" " ind2=" ">
    <subfield code="c">8284</subfield>
    <subfield code="d">8284</subfield>
  </datafield>
  <datafield tag="952" ind1=" " ind2=" ">
    <subfield code="0">0</subfield>
    <subfield code="1">0</subfield>
    <subfield code="2">ddc</subfield>
    <subfield code="4">0</subfield>
    <subfield code="7">0</subfield>
    <subfield code="8">KH</subfield>
    <subfield code="a">001</subfield>
    <subfield code="b">001</subfield>
    <subfield code="c">OKHR</subfield>
    <subfield code="d">2025-09-08</subfield>
    <subfield code="l">0</subfield>
    <subfield code="o">THA 800 PZ7 </subfield>
    <subfield code="p">2025-4392</subfield>
    <subfield code="r">2025-09-08 14:22:56</subfield>
    <subfield code="t">1</subfield>
    <subfield code="w">2025-09-08</subfield>
    <subfield code="y">KHB</subfield>
  </datafield>
</record>
